[Event "3FoglarVeterans_SIM_C"]
[Site "?"]
[Date "2007.??.??"]
[Round "?"]
[White "Kasik, Miroslav"]
[Black "Colucci, Pasguale"]
[Result "1/2-1/2"]
[WhiteElo "2232"]
[BlackElo "2318"]
[PlyCount "57"]
[EventDate "2007.??.??"]
[EventType "corr"]
[SourceDate "2007.05.17"]

1. e4 c5 2. Nc3 e6 3. Nf3 Nc6 4. d4 cxd4 5. Nxd4 Nf6 6. Nxc6 bxc6 7. e5 Nd5 8.
Ne4 Qc7 9. f4 Qb6 10. c4 Ne3 11. Qd3 Bb4+ 12. Bd2 a5 13. c5 Bxd2+ 14. Qxd2 Qb4
15. Qxb4 Nc2+ 16. Kd2 Nxb4 17. Nd6+ Ke7 18. Bc4 Na6 19. Bxa6 Bxa6 20. b3 Rab8
21. Rad1 Rb4 22. Ke3 Rhb8 23. Rd4 Rxd4 24. Kxd4 Rb4+ 25. Ke3 a4 26. Rb1 f6 27.
g3 h5 28. Rb2 Bb5 29. Rf2 1/2-1/2

[Event "3FoglarVeterans_SIM_C"]
[Site "?"]
[Date "2007.??.??"]
[Round "?"]
[White "Guskov, Viktor"]
[Black "Grabner, Helmut"]
[Result "1/2-1/2"]
[WhiteElo "2311"]
[BlackElo "2319"]
[PlyCount "54"]
[EventDate "2007.??.??"]
[EventType "corr"]
[SourceDate "2007.05.17"]

1. e4 c5 2. c3 d5 3. exd5 Qxd5 4. d4 Nf6 5. Nf3 Bg4 6. Be2 cxd4 7. cxd4 e6 8.
O-O Nc6 9. Nc3 Qa5 10. Be3 Bd6 11. h3 Bh5 12. Qb3 Qb4 13. Nb5 Qxb3 14. Nxd6+
Kd7 15. axb3 Kxd6 16. g4 Bg6 17. Ne5 Nd5 18. Nxc6 bxc6 19. Bd2 Rhb8 20. Ra3 Rb7
21. Rc1 f6 22. Ba6 Rb6 23. Bc4 Rb7 24. Kg2 h5 25. Kg3 Rh8 26. f3 h4+ 27. Kf2
Ra8 1/2-1/2

[Event "3FoglarVeterans_SIM_C"]
[Site "?"]
[Date "2007.??.??"]
[Round "?"]
[White "Shapiro, Vladislav"]
[Black "Kuta, Jiri"]
[Result "1/2-1/2"]
[WhiteElo "2358"]
[BlackElo "2349"]
[PlyCount "43"]
[EventDate "2007.??.??"]
[EventType "corr"]
[SourceDate "2007.05.17"]

1. d4 Nf6 2. c4 e6 3. Nf3 d5 4. Bg5 Be7 5. Nc3 h6 6. Bh4 O-O 7. e3 b6 8. Be2
Bb7 9. Bxf6 Bxf6 10. cxd5 exd5 11. b4 c6 12. O-O Re8 13. Qb3 a5 14. a3 Nd7 15.
b5 c5 16. Nxd5 Bxd4 17. exd4 Rxe2 18. Rfe1 Bxd5 19. Qxd5 Rxe1+ 20. Rxe1 Rc8 21.
Rc1 cxd4 22. Rc6 1/2-1/2

[Event "3FoglarVeterans_SIM_C"]
[Site "?"]
[Date "2007.??.??"]
[Round "?"]
[White "Olano Aizpurua, Jose"]
[Black "Vrbica, Ladislav"]
[Result "1/2-1/2"]
[WhiteElo "2337"]
[BlackElo "2348"]
[PlyCount "57"]
[EventDate "2007.??.??"]
[EventType "corr"]
[SourceDate "2007.05.17"]

1. e4 c5 2. Nf3 d6 3. d4 cxd4 4. Nxd4 Nf6 5. Nc3 a6 6. Be3 e6 7. f3 b5 8. g4 h6
9. Qd2 Bb7 10. O-O-O Nbd7 11. h4 b4 12. Na4 Qa5 13. b3 Nc5 14. a3 Nxa4 15. axb4
Qc7 16. bxa4 d5 17. e5 Nd7 18. f4 Nb6 19. Rh3 Nxa4 20. Bf2 Be7 21. f5 Rc8 22.
Be1 exf5 23. gxf5 Qxe5 24. f6 Qxf6 25. Rf3 Qg6 26. Rg3 Qf6 27. Rf3 Qg6 28. Rg3
Qf6 29. Rf3 1/2-1/2

[Event "3FoglarVeterans_SIM_C"]
[Site "?"]
[Date "2007.??.??"]
[Round "?"]
[White "Janosi, Ervin"]
[Black "Pecka, Josef"]
[Result "1/2-1/2"]
[WhiteElo "2323"]
[BlackElo "2330"]
[PlyCount "68"]
[EventDate "2007.??.??"]
[EventType "corr"]
[SourceDate "2007.05.17"]

1. e4 e5 2. Nf3 Nc6 3. Bb5 Nf6 4. O-O Nxe4 5. Re1 Nd6 6. Nxe5 Be7 7. Bd3 O-O 8.
Nc3 Bf6 9. Nf3 Re8 10. Rxe8+ Nxe8 11. Nd5 d6 12. c3 Ne5 13. Nxf6+ Qxf6 14. Nxe5
dxe5 15. Be2 Be6 16. d3 Nd6 17. Qa4 Bd5 18. Qd7 Qg6 19. Bf1 Bc6 20. Qh3 a5 21.
Bd2 Re8 22. Re1 a4 23. b4 f6 24. c4 Qf7 25. f4 b5 26. fxe5 fxe5 27. Bc3 Rf8 28.
Qg3 e4 29. a3 exd3 30. Bxd3 bxc4 31. Rf1 Qe7 32. Rxf8+ Qxf8 33. Bc2 Qe7 34. Be5
Ne4 1/2-1/2

[Event "3FoglarVeterans_SIM_C"]
[Site "?"]
[Date "2007.??.??"]
[Round "?"]
[White "Koch, Hans"]
[Black "Novak, Vratislav"]
[Result "1/2-1/2"]
[WhiteElo "2311"]
[BlackElo "2289"]
[PlyCount "53"]
[EventDate "2007.??.??"]
[EventType "corr"]
[SourceDate "2007.05.17"]

1. e4 e5 2. Nf3 Nc6 3. Bb5 a6 4. Ba4 Nf6 5. O-O Be7 6. Re1 b5 7. Bb3 d6 8. c3
O-O 9. h3 Bb7 10. d4 Re8 11. Nbd2 Bf8 12. d5 Nb8 13. Nf1 Nbd7 14. N3h2 h6 15.
Ng4 Nxg4 16. Qxg4 Nf6 17. Qg3 g6 18. a4 Bg7 19. Nh2 Qd7 20. Ng4 Nxg4 21. hxg4
c6 22. Qh3 g5 23. Rd1 Reb8 24. a5 c5 25. Re1 Bc8 26. Bd1 c4 27. Be3 1/2-1/2

[Event "3FoglarVeterans_SIM_C"]
[Site "?"]
[Date "2007.??.??"]
[Round "?"]
[White "Zundel, Werner"]
[Black "Schwarz, Jan"]
[Result "1-0"]
[WhiteElo "2286"]
[BlackElo "2308"]
[PlyCount "123"]
[EventDate "2007.??.??"]
[EventType "corr"]
[SourceDate "2007.05.17"]

1. e4 e5 2. Nf3 Nc6 3. Bb5 a6 4. Ba4 Nf6 5. O-O Be7 6. Re1 b5 7. Bb3 O-O 8. c3
d5 9. exd5 Nxd5 10. Nxe5 Nxe5 11. Rxe5 c6 12. d3 Bd6 13. Re1 Qh4 14. g3 Qh3 15.
Re4 Qf5 16. Nd2 Qg6 17. Re1 f5 18. a4 Rb8 19. axb5 axb5 20. Ne4 Bc7 21. c4 bxc4
22. dxc4 fxe4 23. cxd5 Kh8 24. Be3 Bg4 25. Qc2 Bf3 26. dxc6 Rf6 27. Rec1 Qf5
28. Bc4 Rxc6 29. Qa4 Rg6 30. Qa7 Bd6 31. Ra5 Qf8 32. b3 h6 33. Rca1 Qc8 34. Ra6
Kh7 35. Bd4 Rb7 36. Qa8 Rb8 37. Qd5 Qf8 38. Qf7 Re8 39. h4 h5 40. b4 Rc8 41.
Qxf8 Bxf8 42. Bg8+ Kxg8 43. Rxg6 Rc4 44. Be3 Kh7 45. Rb6 Rxb4 46. Rxb4 Bxb4 47.
Bd4 Kg8 48. Ra7 Bf8 49. Rc7 Be2 50. Bc5 Bxc5 51. Rxc5 Kf7 52. Re5 Bf3 53. Kf1
Kf6 54. Rc5 Kf7 55. Ke1 Kf6 56. Kd2 Kg6 57. Ke3 Bg2 58. Kf4 Bf3 59. Rc6+ Kh7
60. Rd6 Kg8 61. Kg5 Kh7 62. Rd4 1-0

[Event "3FoglarVeterans_SIM_C"]
[Site "?"]
[Date "2007.??.??"]
[Round "?"]
[White "Novak, Vratislav"]
[Black "Zundel, Werner"]
[Result "1/2-1/2"]
[WhiteElo "2289"]
[BlackElo "2286"]
[PlyCount "62"]
[EventDate "2007.??.??"]
[EventType "corr"]
[SourceDate "2007.05.17"]

1. e4 e5 2. Nf3 Nc6 3. Bb5 a6 4. Ba4 Nf6 5. O-O Be7 6. Re1 b5 7. Bb3 O-O 8. c3
d6 9. h3 Bb7 10. d4 Re8 11. Nbd2 Bf8 12. d5 Nb8 13. Nf1 Nbd7 14. N3h2 c6 15.
dxc6 Bxc6 16. Bg5 Qc7 17. Qf3 a5 18. Rad1 a4 19. Bc2 Qb7 20. a3 Re6 21. Ng4
Nxg4 22. Qxg4 Rg6 23. Qh5 h6 24. Bc1 Nb6 25. Qe2 Be7 26. Ne3 Bg5 27. Nf5 Bxc1
28. Rxc1 Nc4 29. Bd3 d5 30. Rcd1 dxe4 31. Bxe4 Re8 1/2-1/2

[Event "3FoglarVeterans_SIM_C"]
[Site "?"]
[Date "2007.??.??"]
[Round "?"]
[White "Pecka, Josef"]
[Black "Koch, Hans"]
[Result "1/2-1/2"]
[WhiteElo "2330"]
[BlackElo "2311"]
[PlyCount "66"]
[EventDate "2007.??.??"]
[EventType "corr"]
[SourceDate "2007.05.17"]

1. e4 c5 2. Nf3 d6 3. d4 cxd4 4. Nxd4 Nf6 5. Nc3 a6 6. Bg5 Nc6 7. Qd2 e6 8.
O-O-O Bd7 9. f4 Be7 10. Nb3 b5 11. Bxf6 gxf6 12. Kb1 b4 13. Ne2 a5 14. Ned4 Qb6
15. Nb5 a4 16. Nc1 Rd8 17. g4 O-O 18. h4 d5 19. exd5 exd5 20. g5 Rfe8 21. Qg2
f5 22. g6 hxg6 23. h5 g5 24. fxg5 Ne5 25. Qg3 Ng4 26. Qc7 Qe3 27. Bd3 Qxg5 28.
Nd6 Bxd6 29. Qxd6 Qf6 30. Qxf6 Nxf6 31. Ne2 Re5 32. Rdg1+ Kh7 33. h6 Rg8
1/2-1/2

[Event "3FoglarVeterans_SIM_C"]
[Site "?"]
[Date "2007.??.??"]
[Round "?"]
[White "Vrbica, Ladislav"]
[Black "Janosi, Ervin"]
[Result "1/2-1/2"]
[WhiteElo "2348"]
[BlackElo "2323"]
[PlyCount "45"]
[EventDate "2007.??.??"]
[EventType "corr"]
[SourceDate "2007.05.17"]

1. c4 e5 2. Nc3 Nf6 3. Nf3 Nc6 4. a3 d5 5. cxd5 Nxd5 6. Qc2 Be7 7. e3 O-O 8.
Bb5 Bg4 9. Be2 Be6 10. b4 a6 11. Bb2 Nxc3 12. dxc3 f5 13. c4 e4 14. Nd4 Nxd4
15. Bxd4 Bf6 16. Rd1 Bxd4 17. Rxd4 Qe7 18. c5 Rad8 19. Rxd8 Rxd8 20. O-O Qf6
21. g3 Kf8 22. a4 Qe5 23. Rc1 1/2-1/2

[Event "3FoglarVeterans_SIM_C"]
[Site "?"]
[Date "2007.??.??"]
[Round "?"]
[White "Kuta, Jiri"]
[Black "Olano Aizpurua, Jose"]
[Result "1-0"]
[WhiteElo "2349"]
[BlackElo "2337"]
[PlyCount "85"]
[EventDate "2007.??.??"]
[EventType "corr"]
[SourceDate "2007.05.17"]

1. d4 Nf6 2. c4 g6 3. Nc3 Bg7 4. e4 d6 5. f3 O-O 6. Be3 e5 7. d5 c6 8. Bd3 cxd5
9. cxd5 Nh5 10. Nge2 f5 11. exf5 gxf5 12. O-O Nd7 13. Rc1 Nc5 14. Bb1 a5 15.
Nb5 b6 16. Rc4 Ba6 17. a4 f4 18. Bf2 Nf6 19. Bf5 Kh8 20. Be6 Nxe6 21. dxe6 d5
22. Rc6 d4 23. Nc1 Qe8 24. Qc2 Nd5 25. Nd3 Qg6 26. Qc4 Ne7 27. Rxb6 Rg8 28. Kh1
Bf6 29. Rg1 Nc8 30. Rc6 Ne7 31. Rc5 Rac8 32. Qb3 e4 33. Nxf4 Qh6 34. Nh5 e3 35.
Bxe3 dxe3 36. Nd6 Rgf8 37. Nf7+ Rxf7 38. Rxc8+ Nxc8 39. exf7 Bg7 40. Rd1 Nd6
41. Qb8+ Bf8 42. Qa7 Nf5 43. Qc7 1-0

[Event "3FoglarVeterans_SIM_C"]
[Site "?"]
[Date "2007.??.??"]
[Round "?"]
[White "Grabner, Helmut"]
[Black "Shapiro, Vladislav"]
[Result "1/2-1/2"]
[WhiteElo "2319"]
[BlackElo "2358"]
[PlyCount "47"]
[EventDate "2007.??.??"]
[EventType "corr"]
[SourceDate "2007.05.17"]

1. e4 c5 2. Nf3 d6 3. d4 cxd4 4. Nxd4 Nf6 5. Nc3 a6 6. Be2 e5 7. Nb3 Be7 8. O-O
O-O 9. Be3 Be6 10. a4 Nc6 11. a5 Bxb3 12. cxb3 Nxa5 13. Nd5 Nc6 14. Bb6 Qd7 15.
Nxf6+ Bxf6 16. Bg4 Qe7 17. Qd5 g6 18. Rfd1 h5 19. Bh3 Nd4 20. Kh1 Bg7 21. f3
Qh4 22. Rf1 Qe7 23. Rfd1 Qh4 24. Rf1 1/2-1/2

[Event "3FoglarVeterans_SIM_C"]
[Site "?"]
[Date "2007.??.??"]
[Round "?"]
[White "Colucci, Pasguale"]
[Black "Guskov, Viktor"]
[Result "1/2-1/2"]
[WhiteElo "2318"]
[BlackElo "2311"]
[PlyCount "60"]
[EventDate "2007.??.??"]
[EventType "corr"]
[SourceDate "2007.05.17"]

1. e4 e5 2. Nf3 Nc6 3. Bb5 a6 4. Bxc6 dxc6 5. O-O f6 6. d4 exd4 7. Nxd4 c5 8.
Ne2 Qxd1 9. Rxd1 Bd7 10. Be3 O-O-O 11. Nbc3 Re8 12. Rd2 b6 13. Rad1 Bc6 14. Nf4
Nh6 15. Nfd5 Ng4 16. Bf4 Ne5 17. Ne3 g6 18. f3 Bg7 19. Ncd5 Rhf8 20. b4 cxb4
21. Nxb4 Bb5 22. a4 Bxa4 23. Nxa6 Rf7 24. Nd5 Bf8 25. Rd4 Bc6 26. Naxc7 Rxc7
27. Nxf6 Rf7 28. Nxe8 Rxf4 29. Rd8+ Kb7 30. Nd6+ Kc7 1/2-1/2

[Event "3FoglarVeterans_SIM_C"]
[Site "?"]
[Date "2007.??.??"]
[Round "?"]
[White "Quattrocchi, Gaetano"]
[Black "Kasik, Miroslav"]
[Result "1/2-1/2"]
[WhiteElo "2283"]
[BlackElo "2232"]
[PlyCount "85"]
[EventDate "2007.??.??"]
[EventType "corr"]
[SourceDate "2007.05.17"]

1. e4 e5 2. Nf3 Nc6 3. Bb5 Nf6 4. O-O Nxe4 5. d4 Nd6 6. Bxc6 dxc6 7. dxe5 Nf5
8. Qxd8+ Kxd8 9. Nc3 Ke8 10. h3 Ne7 11. Re1 Bf5 12. Nd4 Bg6 13. e6 Nf5 14. Nf3
f6 15. g4 Nd6 16. Re2 h5 17. Bf4 hxg4 18. hxg4 Rd8 19. Kg2 Be7 20. b3 Rh7 21.
a4 a5 22. Rd1 Rh8 23. Red2 Rh7 24. Kg3 Rh8 25. Nd4 f5 26. g5 Ne4+ 27. Nxe4 fxe4
28. Bxc7 Rc8 29. Bf4 Bb4 30. c4 Ke7 31. Rc2 Rcd8 32. c5 Rd5 33. Be3 Kf8 34.
Rdc1 Rh5 35. Rc4 Ba3 36. R1c2 Ke8 37. Ne2 Ke7 38. Rd4 Rhxg5+ 39. Bxg5+ Rxg5+
40. Kh4 e3 41. Kxg5 Bxc2 42. fxe3 Bxc5 43. Rd7+ 1/2-1/2

[Event "3FoglarVeterans_SIM_C"]
[Site "?"]
[Date "2007.??.??"]
[Round "?"]
[White "Guskov, Viktor"]
[Black "Quattrocchi, Gaetano"]
[Result "1/2-1/2"]
[WhiteElo "2311"]
[BlackElo "2283"]
[PlyCount "50"]
[EventDate "2007.??.??"]
[EventType "corr"]
[SourceDate "2007.05.17"]

1. e4 e6 2. d4 d5 3. Nc3 Bb4 4. e5 c5 5. a3 Bxc3+ 6. bxc3 Ne7 7. Qg4 Qc7 8.
Qxg7 Rg8 9. Qxh7 cxd4 10. Ne2 Nbc6 11. f4 Bd7 12. Qd3 dxc3 13. Nxc3 a6 14. Rb1
Na5 15. h4 Nf5 16. Rh3 O-O-O 17. h5 Bc6 18. Rb4 Nc4 19. Ne2 Bb5 20. a4 Qc5 21.
Ba3 Bc6 22. Qc3 Qa7 23. a5 Bb5 24. h6 Rg6 25. Bb2 Qc5 1/2-1/2

[Event "3FoglarVeterans_SIM_C"]
[Site "?"]
[Date "2007.??.??"]
[Round "?"]
[White "Shapiro, Vladislav"]
[Black "Colucci, Pasguale"]
[Result "1/2-1/2"]
[WhiteElo "2358"]
[BlackElo "2318"]
[PlyCount "54"]
[EventDate "2007.??.??"]
[EventType "corr"]
[SourceDate "2007.05.17"]

1. d4 Nf6 2. c4 g6 3. Nc3 Bg7 4. e4 d6 5. Nf3 O-O 6. Be2 e5 7. O-O Nc6 8. d5
Ne7 9. b4 Nh5 10. Re1 f5 11. Ng5 Nf6 12. Bf3 c6 13. Bb2 h6 14. Ne6 Bxe6 15.
dxe6 fxe4 16. Nxe4 Nxe4 17. Rxe4 d5 18. Re1 e4 19. Bxg7 Kxg7 20. Bg4 h5 21. Bh3
dxc4 22. Qd7 Qxd7 23. exd7 Nf5 24. Rad1 Rad8 25. Rxe4 Rf7 26. Bxf5 gxf5 27.
Rxc4 Rfxd7 1/2-1/2

[Event "3FoglarVeterans_SIM_C"]
[Site "?"]
[Date "2007.??.??"]
[Round "?"]
[White "Olano Aizpurua, Jose"]
[Black "Grabner, Helmut"]
[Result "1-0"]
[WhiteElo "2337"]
[BlackElo "2319"]
[PlyCount "95"]
[EventDate "2007.??.??"]
[EventType "corr"]
[SourceDate "2007.05.17"]

1. e4 c5 2. Nf3 d6 3. d4 cxd4 4. Nxd4 Nf6 5. Nc3 Nc6 6. Bg5 Bd7 7. Qd2 Rc8 8.
f4 h6 9. Bxf6 gxf6 10. O-O-O Nxd4 11. Qxd4 Qa5 12. Kb1 Qc5 13. Qd3 Bg7 14. Qg3
Kf8 15. f5 Bc6 16. Bd3 h5 17. h4 Qe5 18. Qf3 e6 19. Rhe1 a6 20. Bc4 Re8 21. a3
exf5 22. Bd5 f4 23. Qf1 Rh6 24. Bxc6 bxc6 25. Qxa6 Qc5 26. Na4 Qb5 27. Qxb5
cxb5 28. Nc3 f5 29. Nxb5 Rxe4 30. Rf1 Be5 31. Rd2 Rg6 32. Ka2 Ke7 33. Nc7 Rg4
34. Nd5+ Ke6 35. b4 Rxh4 36. Rfd1 Kd7 37. Kb3 Rh2 38. c3 Re3 39. a4 Rg3 40. a5
Rhxg2 41. Rxg2 Rxg2 42. a6 Rg8 43. a7 f3 44. Rf1 Rh8 45. b5 Bg3 46. Ka4 h4 47.
Ka5 h3 48. b6 1-0

[Event "3FoglarVeterans_SIM_C"]
[Site "?"]
[Date "2007.??.??"]
[Round "?"]
[White "Janosi, Ervin"]
[Black "Kuta, Jiri"]
[Result "1/2-1/2"]
[WhiteElo "2323"]
[BlackElo "2349"]
[PlyCount "75"]
[EventDate "2007.??.??"]
[EventType "corr"]
[SourceDate "2007.05.17"]

1. e4 c5 2. Nf3 Nc6 3. d4 cxd4 4. Nxd4 Nf6 5. Nc3 e5 6. Ndb5 d6 7. Bg5 a6 8.
Na3 b5 9. Bxf6 gxf6 10. Nd5 f5 11. c3 Bg7 12. Bd3 Be6 13. Nxb5 axb5 14. Bxb5
Bd7 15. exf5 O-O 16. O-O Re8 17. Qg4 Kh8 18. Qe4 Rb8 19. a4 f6 20. b4 Qc8 21.
Qc4 Qb7 22. Rfd1 Ne7 23. Bxd7 Qxd7 24. Nxe7 Rxe7 25. a5 e4 26. Qd5 e3 27. fxe3
Rbe8 28. c4 Rxe3 29. a6 Qa7 30. c5 dxc5 31. Qb7 R3e7 32. Qxa7 Rxa7 33. b5 Rb8
34. Kf2 Bf8 35. Rab1 c4 36. Ke2 Re8+ 37. Kd2 Rd7+ 38. Kc3 1/2-1/2

[Event "3FoglarVeterans_SIM_C"]
[Site "?"]
[Date "2007.??.??"]
[Round "?"]
[White "Koch, Hans"]
[Black "Vrbica, Ladislav"]
[Result "1/2-1/2"]
[WhiteElo "2311"]
[BlackElo "2348"]
[PlyCount "71"]
[EventDate "2007.??.??"]
[EventType "corr"]
[SourceDate "2007.05.17"]

1. e4 c5 2. Nf3 d6 3. d4 cxd4 4. Nxd4 Nf6 5. Nc3 a6 6. Bg5 e6 7. f4 Qc7 8. Bxf6
gxf6 9. Qd2 Nc6 10. O-O-O Bd7 11. Kb1 h5 12. Bc4 Rg8 13. Nxc6 Qxc6 14. Bb3
O-O-O 15. f5 Qc5 16. Rhf1 Qe5 17. g3 Rg5 18. Qf2 Bg7 19. Rd3 Bc6 20. Qa7 Qc5
21. Qxc5 dxc5 22. fxe6 Rxd3 23. cxd3 fxe6 24. Bxe6+ Kc7 25. Nd5+ Bxd5 26. Bxd5
b6 27. Be6 Kd6 28. Bf5 a5 29. Kc2 h4 30. g4 Bh6 31. h3 Rg7 32. Bc8 Bg5 33. Ba6
Kc7 34. Bc4 Re7 35. Kb3 Rd7 36. Rf5 1/2-1/2

[Event "3FoglarVeterans_SIM_C"]
[Site "?"]
[Date "2007.??.??"]
[Round "?"]
[White "Zundel, Werner"]
[Black "Pecka, Josef"]
[Result "1/2-1/2"]
[WhiteElo "2286"]
[BlackElo "2330"]
[PlyCount "202"]
[EventDate "2007.??.??"]
[EventType "corr"]
[SourceDate "2007.05.17"]

1. e4 e5 2. Nf3 Nc6 3. Bb5 Nf6 4. O-O Nxe4 5. d4 Be7 6. Qe2 Nd6 7. Bxc6 bxc6 8.
dxe5 Nb7 9. Nc3 O-O 10. Nd4 Bc5 11. Rd1 Re8 12. Qh5 Bxd4 13. Rxd4 d5 14. Bd2
Qd7 15. Rf4 Qe6 16. Re1 Qg6 17. Qxg6 hxg6 18. Rd4 Nc5 19. Na4 Ne6 20. Rd3 Ba6
21. Ra3 Nd4 22. Nc5 Bc4 23. e6 Reb8 24. Nd7 Rxb2 25. Rxa7 Rxa2 26. Rxa2 Bxa2
27. exf7+ Kxf7 28. c3 Nc2 29. Rc1 Na3 30. Ne5+ Ke6 31. Nxc6 Kd7 32. Ne5+ Ke6
33. Nxg6 Nc4 34. Be1 Nb2 35. h4 Kf5 36. h5 Kg4 37. Ne5+ Kf5 38. Rc2 Nc4 39. Nc6
Re8 40. Nd4+ Kg4 41. f3+ Kxh5 42. Bg3 Bb1 43. Rc1 c5 44. Rxb1 cxd4 45. cxd4 g5
46. Rb8 Re2 47. Bf2 Rb2 48. Rxb2 Nxb2 49. g4+ Kg6 50. Be1 Nd3 51. Bd2 Nb2 52.
Kf2 Nc4 53. Ke2 Nd6 54. Kd3 Nb5 55. Be3 Kf6 56. Kc2 Nc7 57. Kc3 Ne6 58. Bg1 Nf8
59. Bh2 Ng6 60. Kd3 Ke6 61. Bc7 Kd7 62. Bg3 Ke6 63. Kc3 Ne7 64. Kb3 Nc6 65. Bf2
Na5+ 66. Kb4 Nc4 67. Be1 Ne3 68. Kc3 Ng2 69. Bg3 Ne3 70. Kd3 Nc4 71. Be1 Nd6
72. Bd2 Kf6 73. Ba5 Nb5 74. Bd8+ Kg6 75. Be7 Nc7 76. Kc2 Ne6 77. Kc3 Kf7 78.
Bd6 Ke8 79. Be5 Kd7 80. Kb4 Kc6 81. Ka5 Nd8 82. Bg7 Nb7+ 83. Kb4 Nd8 84. Bf6
Nf7 85. Be5 Nd8 86. Bf6 Nf7 87. Kc3 Kd6 88. Bg7 Kd7 89. Kd3 Ke6 90. Ke3 Nd8 91.
Be5 Nc6 92. f4 gxf4+ 93. Bxf4 Kf6 94. Kd3 Nd8 95. Be3 Kg6 96. Ke2 Nc6 97. Kf3
Kf6 98. Kf4 Kg6 99. Kg3 Kf6 100. Kh4 Kg6 101. Bf2 Kh6 1/2-1/2

[Event "3FoglarVeterans_SIM_C"]
[Site "?"]
[Date "2007.??.??"]
[Round "?"]
[White "Schwarz, Jan"]
[Black "Novak, Vratislav"]
[Result "1-0"]
[WhiteElo "2308"]
[BlackElo "2289"]
[PlyCount "63"]
[EventDate "2007.??.??"]
[EventType "corr"]
[SourceDate "2007.05.17"]

1. c4 e6 2. Nc3 d5 3. d4 Nf6 4. cxd5 exd5 5. Bg5 Nbd7 6. e3 c6 7. Bd3 Bd6 8.
Nf3 Nf8 9. Qc2 Ng6 10. h4 h6 11. Bxg6 hxg5 12. Nxg5 fxg6 13. Qxg6+ Kd7 14. Nf7
Qf8 15. Nxh8 Qxh8 16. f3 Qh7 17. Qxh7 Nxh7 18. h5 Ke7 19. Kd2 Be6 20. a3 Rh8
21. Kd3 Bf7 22. g4 Rf8 23. Rag1 Be6 24. Ke2 Ng5 25. f4 Ne4 26. f5 Bc8 27. Nxe4
dxe4 28. h6 Kf7 29. hxg7 Kxg7 30. Rh5 Be7 31. Rf1 Bd8 32. Rfh1 1-0

[Event "3FoglarVeterans_SIM_C"]
[Site "?"]
[Date "2007.??.??"]
[Round "?"]
[White "Guskov, Viktor"]
[Black "Novak, Vratislav"]
[Result "1/2-1/2"]
[WhiteElo "2311"]
[BlackElo "2289"]
[PlyCount "46"]
[EventDate "2007.??.??"]
[EventType "corr"]
[SourceDate "2007.05.17"]

1. e4 c5 2. Nf3 f6 3. d4 cxd4 4. Nxd4 e6 5. Nc3 Nc6 6. Ndb5 d6 7. Bf4 Ne5 8.
Be3 a6 9. Nd4 Ne7 10. f4 N5c6 11. Bc4 Nxd4 12. Bxd4 Qc7 13. Bb3 Nc6 14. Be3 Na5
15. f5 Nxb3 16. axb3 d5 17. fxe6 Bxe6 18. O-O dxe4 19. Nxe4 Be7 20. Qh5+ Bf7
21. Qg4 Bg6 22. Qe6 Bf7 23. Qg4 Bg6 1/2-1/2